000 00398nam a22001457a 4500
003 OSt
005 20251111134724.0
008 251111b |||||||| |||| 00| 0 eng d
020 _a9781937006839
040 _cPARALLAX PRESS
050 _aHQ 755.8 .N38 2014
245 _aPARENTING IN THE PRESENT MOMENT
_cNAUMBURG, CARLA
260 _aBARKELEY, CALIFORNIA
_bPARALLAX PRESS
_c2014
942 _2ddc
_cBK
_n0
999 _c9768
_d9768